000 00971nam a2200229 a 4500
008 111003s2010 ||||||||||||||||| || u
020 _a9789645817402
050 _aBP 220 Mus
100 _aAlgar, Hamid
245 1 4 _aThe seal of the prophet and his message: lessons on Islamic doctrine, book two
_cSayyid Mujtaba Musavi Lari; translated by Hamid Algar
260 _aQom, Iran
_bFoundation of Islamic C.P.W
_c2010
300 _a195p.
350 _a0.00
490 _aLessons on Islamic doctrine
490 _v 2
650 _aISLAM
650 _aMUHAMMAD, PROPHET
650 _aGOD (ISLAM)
700 _aMusavi Lari, Sayyid Mujtaba
995 _FCBU-DAG HAMMARSKJOLD INSTITUTE LIBRARY
_I10.00
_M2
_UAVAILABLE
_WMar 5, 2019
_ZDHIPS Book Collection
995 _D0.00
_FCBU-MAIN LIBRARY (Kitwe)
_H1
_I0.00
_M1
_UAVAILABLE
_WNov 17, 2011
_ZMain Library Open Access Collection
999 _c30659
_d30659